[Event "French League"]
[Site "Mulhouse FRA"]
[Date "2011.06.01"]
[Round "7"]
[White "Dreev, Aleksey"]
[Black "Edouard, Romain"]
[Result "1-0"]
[WhiteElo "2703"]
[BlackElo "2602"]
[PlyCount "95"]
[EventDate "2011.05.26"]

1. d4 d5 2. c4 dxc4 3. e4 e5 4. Nf3 exd4 5. Bxc4 Nc6 6. O-O Be6 7. Bxe6 fxe6 8.
Qb3 Qd7 9. Qxb7 Rb8 10. Qa6 Nf6 11. Nbd2 Bd6 12. b3 O-O 13. Bb2 e5 14. Rfc1 Rb6
15. Qe2 Kh8 16. Nc4 Rbb8 17. Ne1 Rfe8 18. f3 h6 19. Nd3 Nb4 20. Nf2 Qb5 21. a3
Nc6 22. b4 Bf8 23. Nd3 Qb7 24. Rc2 a5 25. bxa5 Qa7 26. Bc1 Nd7 27. Bd2 Rb3 28.
Be1 Nc5 29. Rd1 Na4 30. Rdc1 Nc5 31. Ncb2 Nxd3 32. Nxd3 Nxa5 33. Rxc7 Qa6 34.
Nf4 d3 35. Nxd3 Bxa3 36. R1c3 Bd6 37. Rxb3 Nxb3 38. Rc3 Nd4 39. Qf1 Qa1 40. Rc1
Qa2 41. Kh1 Qf7 42. Bc3 Nb3 43. Rd1 Qc7 44. Qe1 Rc8 45. Bb2 Qe7 46. Qg3 Re8 47.
Qg6 Qe6 48. Nf4 1-0

[Event "French League"]
[Site "Mulhouse FRA"]
[Date "2011.06.01"]
[Round "7"]
[White "Eljanov, Pavel"]
[Black "Nisipeanu, Liviu-Dieter"]
[Result "1/2-1/2"]
[WhiteElo "2712"]
[BlackElo "2659"]
[PlyCount "46"]
[EventDate "2011.05.26"]

1. c4 c5 2. Nf3 Nf6 3. Nc3 e6 4. g3 b6 5. Bg2 Bb7 6. O-O Be7 7. d4 cxd4 8. Qxd4
d6 9. Bg5 a6 10. Bxf6 Bxf6 11. Qf4 O-O 12. Rad1 Be7 13. Ne4 Bxe4 14. Qxe4 Ra7
15. Nd4 Rc7 16. b3 Re8 17. e3 Rc5 18. Rd2 Qc8 19. Qb1 Nd7 20. a4 Nf6 21. e4 Bf8
22. Re1 g6 23. Rdd1 h5 1/2-1/2

[Event "French League"]
[Site "Mulhouse FRA"]
[Date "2011.06.01"]
[Round "7"]
[White "Hamdouchi, Hicham"]
[Black "Vachier-Lagrave, Maxime"]
[Result "1/2-1/2"]
[WhiteElo "2593"]
[BlackElo "2731"]
[PlyCount "23"]
[EventDate "2011.05.26"]

1. e4 c5 2. Nf3 Nc6 3. d4 cxd4 4. Nxd4 g6 5. c4 Nf6 6. Nc3 Nxd4 7. Qxd4 d6 8.
Be3 Bg7 9. Be2 O-O 10. Qd2 a5 11. f3 a4 12. Rc1 1/2-1/2

[Event "French League"]
[Site "Mulhouse FRA"]
[Date "2011.06.01"]
[Round "7"]
[White "Naiditsch, Arkadij"]
[Black "Iordachescu, Viorel"]
[Result "1/2-1/2"]
[WhiteElo "2716"]
[BlackElo "2640"]
[PlyCount "61"]
[EventDate "2011.05.26"]

1. e4 c6 2. d4 d5 3. exd5 cxd5 4. c4 Nf6 5. Nc3 g6 6. Qb3 Bg7 7. cxd5 O-O 8.
Nge2 Na6 9. g3 b5 10. a3 Nc7 11. Bg2 a5 12. O-O a4 13. Qa2 Bf5 14. Bf4 Rc8 15.
Rac1 Bd3 16. Bh3 Bc4 17. Qb1 Ncxd5 18. Bxc8 Nxf4 19. Nxf4 Bxf1 20. Rxf1 Qxc8
21. Nxb5 Qd7 22. Nc3 Qxd4 23. Qd1 Qxd1 24. Rxd1 Ra8 25. Kf1 h5 26. Ke2 e6 27.
Rd6 Ng4 28. h3 Bxc3 29. bxc3 Ne5 30. Rd4 Rc8 31. Rxa4 1/2-1/2

[Event "French League"]
[Site "Mulhouse FRA"]
[Date "2011.06.01"]
[Round "7"]
[White "Peralta, Fernando"]
[Black "Navara, David"]
[Result "1/2-1/2"]
[WhiteElo "2608"]
[BlackElo "2702"]
[PlyCount "41"]
[EventDate "2011.05.26"]

1. d4 Nf6 2. c4 e6 3. Nc3 Bb4 4. e3 O-O 5. Bd3 d5 6. Nf3 b6 7. O-O Bb7 8. cxd5
exd5 9. Ne5 Bd6 10. f4 c5 11. Qf3 Nc6 12. Qh3 h6 13. Rf3 cxd4 14. exd4 Nxd4 15.
Rg3 Kh8 16. f5 Bxe5 17. Rxg7 Kxg7 18. Qxh6+ Kg8 19. Qg5+ Kh8 20. Qh6+ Kg8 21.
Qg5+ 1/2-1/2

[Event "French League"]
[Site "Mulhouse FRA"]
[Date "2011.06.02"]
[Round "8"]
[White "Dreev, Aleksey"]
[Black "Bacrot, Etienne"]
[Result "1/2-1/2"]
[WhiteElo "2703"]
[BlackElo "2705"]
[PlyCount "92"]
[EventDate "2011.05.26"]

1. d4 Nf6 2. c4 e6 3. Nc3 Bb4 4. Qc2 O-O 5. a3 Bxc3+ 6. Qxc3 d5 7. Nf3 dxc4 8.
Qxc4 b6 9. Bg5 Ba6 10. Qa4 c5 11. dxc5 bxc5 12. Rc1 Qb6 13. Bxf6 gxf6 14. Rc2
Rd8 15. e3 Bxf1 16. Rxf1 Nc6 17. Ke2 Na5 18. b4 cxb4 19. axb4 Qd6 20. Rd2 Qc6
21. Qxc6 Nxc6 22. b5 Ne7 23. Rxd8+ Rxd8 24. Ra1 Rd7 25. Nd4 Kf8 26. g4 e5 27.
Nb3 Rd5 28. Ra5 f5 29. h3 Nc8 30. gxf5 Nd6 31. Rxa7 Rxb5 32. Nd2 Nxf5 33. Ne4
h6 34. Kf3 Rb6 35. Nc5 Rb5 36. Ne4 Rb4 37. Nf6 Nh4+ 38. Kg3 Nf5+ 39. Kg2 Kg7
40. Ra6 Nh4+ 41. Kh2 Nf3+ 42. Kg3 Ng5 43. Ne8+ Kh7 44. Nf6+ Kg7 45. Kg2 Ne4 46.
Nh5+ Kh7 1/2-1/2

[Event "French League"]
[Site "Mulhouse FRA"]
[Date "2011.06.02"]
[Round "8"]
[White "Eljanov, Pavel"]
[Black "Taddei, Benoit"]
[Result "1-0"]
[WhiteElo "2712"]
[BlackElo "2300"]
[PlyCount "83"]
[EventDate "2011.05.26"]

1. d4 d5 2. c4 Nc6 3. cxd5 Qxd5 4. e3 e5 5. Nc3 Bb4 6. a3 Bxc3+ 7. bxc3 Nf6 8.
c4 Qd6 9. d5 Ne7 10. Bb2 O-O 11. Nf3 Nd7 12. Be2 c6 13. O-O f6 14. a4 Nc5 15.
Ba3 b6 16. Nd2 Bf5 17. e4 Bg6 18. Bf3 Rad8 19. Qe2 f5 20. Rfd1 Qf6 21. Bxc5
bxc5 22. Qe3 Qd6 23. h3 fxe4 24. Nxe4 Bxe4 25. Bxe4 cxd5 26. Bxd5+ Kh8 27. Bf3
Qc7 28. Re1 Ng6 29. Bd5 Rf4 30. g3 Rd4 31. Rab1 Qd7 32. h4 Qh3 33. Bg2 Qf5 34.
Be4 Qf6 35. Rb7 Rf8 36. f3 Rxc4 37. Rxa7 Rd4 38. a5 c4 39. Rb7 Qa6 40. h5 Rd3
41. Bxd3 cxd3 42. Rb6 1-0

[Event "French League"]
[Site "Mulhouse FRA"]
[Date "2011.06.02"]
[Round "8"]
[White "Iordachescu, Viorel"]
[Black "Adams, Michael"]
[Result "1/2-1/2"]
[WhiteElo "2640"]
[BlackElo "2726"]
[PlyCount "67"]
[EventDate "2011.05.26"]

1. e4 e5 2. Nf3 Nc6 3. Bb5 a6 4. Ba4 Nf6 5. O-O Be7 6. Re1 b5 7. Bb3 O-O 8. h3
Bb7 9. d3 d5 10. exd5 Nxd5 11. Nxe5 Nd4 12. Nd2 c5 13. c3 Nxb3 14. Nxb3 Qc7 15.
Nf3 Rfe8 16. a4 Rad8 17. axb5 axb5 18. Bd2 Nb6 19. Qe2 Bd5 20. Na5 Qc8 21. Be3
Bf6 22. Nh2 Ba8 23. Ng4 Bh4 24. Nh2 Nd5 25. Qf1 Nxe3 26. Rxe3 Rxe3 27. fxe3 Qe6
28. Qe2 Bg5 29. Nf1 h6 30. c4 bxc4 31. Nxc4 Bd5 32. Ra5 Bxc4 33. dxc4 Qe7 34.
Ra3 1/2-1/2

[Event "French League"]
[Site "Mulhouse FRA"]
[Date "2011.06.02"]
[Round "8"]
[White "Istratescu, Andrei"]
[Black "Navara, David"]
[Result "1/2-1/2"]
[WhiteElo "2623"]
[BlackElo "2702"]
[PlyCount "33"]
[EventDate "2011.05.26"]

1. d4 Nf6 2. c4 e6 3. Nf3 b6 4. a3 Bb7 5. Nc3 d5 6. Bg5 Be7 7. cxd5 Nxd5 8.
Bxe7 Qxe7 9. Nxd5 Bxd5 10. e3 O-O 11. Rc1 Rc8 12. Bc4 Bb7 13. O-O c5 14. dxc5
Rxc5 15. Qe2 Nd7 16. b4 Rcc8 17. Ba6 1/2-1/2

[Event "French League"]
[Site "Mulhouse FRA"]
[Date "2011.06.02"]
[Round "8"]
[White "Jakovenko, Dmitry"]
[Black "Peralta, Fernando"]
[Result "1-0"]
[WhiteElo "2732"]
[BlackElo "2608"]
[PlyCount "87"]
[EventDate "2011.05.26"]

1. c4 e6 2. Nc3 d5 3. d4 Bb4 4. Nf3 Nf6 5. cxd5 exd5 6. Bg5 Nbd7 7. e3 c5 8.
Bd3 Qa5 9. Qc2 c4 10. Bf5 O-O 11. O-O Re8 12. Nd2 g6 13. Bxd7 Nxd7 14. f3 Nb6
15. e4 Bxc3 16. Qxc3 Qxc3 17. bxc3 Bd7 18. Rab1 Re6 19. e5 Na4 20. Rfc1 Rb6 21.
Rxb6 axb6 22. Be7 Nb2 23. Rc2 Nd3 24. Nf1 Re8 25. Bg5 f5 26. exf6 Re1 27. g4
Kf7 28. Kg2 b5 29. a3 Be6 30. Ra2 Rb1 31. Ne3 Rb3 32. f4 Rxc3 33. f5 Bd7 34.
Re2 h6 35. Nxd5 Rc2 36. Rxc2 Ne1+ 37. Kf2 Nxc2 38. Bxh6 gxf5 39. g5 Nxd4 40. h4
Bc6 41. Ne7 Ne6 42. Nxf5 Kg6 43. Nd6 c3 44. Ke3 1-0

[Event "French League"]
[Site "Mulhouse FRA"]
[Date "2011.06.02"]
[Round "8"]
[White "Le Quang Liem"]
[Black "Riazantsev, Alexander"]
[Result "1/2-1/2"]
[WhiteElo "2687"]
[BlackElo "2679"]
[PlyCount "46"]
[EventDate "2011.05.26"]

1. d4 Nf6 2. c4 e6 3. g3 d5 4. Nf3 Be7 5. Bg2 O-O 6. O-O dxc4 7. Qc2 a6 8. Qxc4
b5 9. Qc2 Bb7 10. Bd2 Be4 11. Qc1 Bb7 12. a3 a5 13. Nc3 b4 14. Na4 Nbd7 15. Rd1
Bd5 16. Ne1 bxa3 17. Bxd5 axb2 18. Nxb2 Nxd5 19. Bxa5 Qc8 20. Nc4 N5f6 21. Nd3
c5 22. dxc5 Bxc5 23. Rb1 Be7 1/2-1/2

[Event "French League"]
[Site "Mulhouse FRA"]
[Date "2011.06.02"]
[Round "8"]
[White "Moiseenko, Alexander"]
[Black "Rozentalis, Eduardas"]
[Result "1-0"]
[WhiteElo "2679"]
[BlackElo "2573"]
[PlyCount "75"]
[EventDate "2011.05.26"]

1. d4 Nf6 2. c4 e6 3. Nf3 b6 4. g3 Bb7 5. Bg2 Be7 6. O-O O-O 7. d5 Na6 8. Nd4
Bc5 9. dxe6 Bxg2 10. exf7+ Rxf7 11. Kxg2 d5 12. Nf3 Qe8 13. cxd5 Rd8 14. Nc3
Nb4 15. Bg5 Nbxd5 16. Qb3 Nxc3 17. bxc3 Qc6 18. Rad1 Re8 19. Bxf6 Qxf6 20. Qc4
Kh8 21. Rd2 Rfe7 22. Rfd1 Re4 23. Qd3 h6 24. e3 a5 25. Nd4 R4e5 26. Qe2 Rf8 27.
f3 Qg6 28. e4 h5 29. Nc2 Bd6 30. Ne3 h4 31. Nc4 hxg3 32. Nxe5 Bxe5 33. h3 Qg5
34. Rd7 Kh7 35. R1d5 c6 36. Rd3 Rf4 37. Qe3 b5 38. Rf7 1-0

[Event "French League"]
[Site "Mulhouse FRA"]
[Date "2011.06.02"]
[Round "8"]
[White "Vachier-Lagrave, Maxime"]
[Black "Svetushkin, Dmitry"]
[Result "1/2-1/2"]
[WhiteElo "2731"]
[BlackElo "2561"]
[PlyCount "77"]
[EventDate "2011.05.26"]

1. e4 c6 2. d4 d5 3. e5 Bf5 4. Nf3 e6 5. Be2 Ne7 6. Nbd2 c5 7. dxc5 Nec6 8. Nb3
Bxc5 9. Nxc5 Qa5+ 10. c3 Qxc5 11. Qb3 Qe7 12. O-O O-O 13. Bf4 Qc7 14. Nd4 Nxd4
15. cxd4 Nc6 16. Be3 Qb6 17. Qc3 Rac8 18. Rfc1 Bg6 19. Qd2 Nb4 20. h4 Rc2 21.
Rxc2 Nxc2 22. h5 Bf5 23. Rc1 Nxe3 24. Qxe3 Qxb2 25. a4 h6 26. Kh2 Be4 27. Rc7
Qb4 28. f3 Bh7 29. Qc3 Qxc3 30. Rxc3 f6 31. Bb5 fxe5 32. dxe5 Rf5 33. Rc8+ Kf7
34. Rc7+ Kf8 35. Rxb7 a5 36. Rb8+ Ke7 37. Rb7+ Kf8 38. Rb8+ Ke7 39. Rb7+
1/2-1/2

[Event "French League"]
[Site "Mulhouse FRA"]
[Date "2011.06.03"]
[Round "9"]
[White "Adams, Michael"]
[Black "Delchev, Aleksander"]
[Result "1/2-1/2"]
[WhiteElo "2726"]
[BlackElo "2619"]
[PlyCount "54"]
[EventDate "2011.05.26"]

1. e4 e5 2. Nf3 Nc6 3. Bb5 a6 4. Ba4 Nf6 5. O-O Be7 6. Re1 b5 7. Bb3 d6 8. c3
O-O 9. h3 Be6 10. d4 Bxb3 11. axb3 exd4 12. Nxd4 Qd7 13. Bf4 Rfe8 14. Nd2 Ne5
15. Qc2 Ng6 16. Bh2 Bf8 17. Rad1 Qc8 18. N2f3 Qb7 19. e5 dxe5 20. Nxe5 c5 21.
Ndf3 Rad8 22. Rxd8 Rxd8 23. Ng4 Nxg4 24. hxg4 Qd5 25. Bg3 h6 26. Kf1 Be7 27.
Ne5 Bf6 1/2-1/2

[Event "French League"]
[Site "Mulhouse FRA"]
[Date "2011.06.03"]
[Round "9"]
[White "Bacrot, Etienne"]
[Black "Le Quang Liem"]
[Result "1/2-1/2"]
[WhiteElo "2705"]
[BlackElo "2687"]
[PlyCount "49"]
[EventDate "2011.05.26"]

1. d4 d5 2. c4 c6 3. Nc3 Nf6 4. Nf3 dxc4 5. a4 Bf5 6. e3 e6 7. Bxc4 Bb4 8. O-O
Nbd7 9. Qe2 O-O 10. e4 Bg6 11. Bd3 Bh5 12. e5 Nd5 13. Nxd5 cxd5 14. Qe3 Be7 15.
Ng5 Bg6 16. Bxg6 hxg6 17. Qg3 Rc8 18. Qh4 Bxg5 19. Bxg5 f6 20. exf6 Nxf6 21.
Ra3 Rc2 22. Rh3 Qc8 23. b3 Rc3 24. Bf4 Qc6 25. Bg5 1/2-1/2

[Event "French League"]
[Site "Mulhouse FRA"]
[Date "2011.06.03"]
[Round "9"]
[White "Caruana, Fabiano"]
[Black "Miton, Kamil"]
[Result "1/2-1/2"]
[WhiteElo "2714"]
[BlackElo "2619"]
[PlyCount "94"]
[EventDate "2011.05.26"]

1. e4 c6 2. d4 d5 3. e5 Bf5 4. Nf3 e6 5. Be2 Ne7 6. c3 Nd7 7. O-O h6 8. Nbd2
Bh7 9. Nb3 Nf5 10. Bd3 Bg6 11. Ne1 h5 12. g3 c5 13. Bb1 Ne7 14. Nxc5 Nxc5 15.
dxc5 Bxb1 16. Rxb1 Qa5 17. Qb3 Qa6 18. Qc2 Qxa2 19. Nd3 Nc6 20. Be3 Qc4 21. Ra1
Be7 22. b3 Qe4 23. Ra4 Qf5 24. Qe2 a6 25. f4 Rc8 26. Kg2 Nb8 27. Bd4 Nc6 28.
Raa1 Rd8 29. Rae1 Na5 30. b4 Nc6 31. h3 Kd7 32. Qd2 Rh6 33. Kh2 Rhh8 34. Rb1
Rb8 35. b5 axb5 36. Rxb5 Rhc8 37. Rfb1 Rc7 38. Qe2 Qg6 39. Rb6 Qf5 40. h4 g6
41. Ra1 Ke8 42. Nb4 Kf8 43. Qb2 Rbc8 44. Qd2 Nd8 45. Nd3 Nc6 46. Nb4 Nd8 47.
Rd6 Nc6 1/2-1/2

[Event "French League"]
[Site "Mulhouse FRA"]
[Date "2011.06.03"]
[Round "9"]
[White "Jakovenko, Dmitry"]
[Black "Dreev, Aleksey"]
[Result "1/2-1/2"]
[WhiteElo "2732"]
[BlackElo "2703"]
[PlyCount "37"]
[EventDate "2011.05.26"]

1. d4 d5 2. c4 c6 3. Nf3 Nf6 4. Nc3 e6 5. e3 Nbd7 6. Qc2 b6 7. Bd3 Bb7 8. O-O
Bd6 9. e4 dxe4 10. Nxe4 Nxe4 11. Bxe4 Qc7 12. Be3 Nf6 13. c5 Be7 14. Bd3 O-O
15. b4 h6 16. Qd2 Nd5 17. Bxh6 gxh6 18. Qxh6 f5 19. Qg6+ 1/2-1/2

[Event "French League"]
[Site "Mulhouse FRA"]
[Date "2011.06.03"]
[Round "9"]
[White "Moiseenko, Alexander"]
[Black "Battaglini, Gabriel"]
[Result "1-0"]
[WhiteElo "2679"]
[BlackElo "2412"]
[PlyCount "53"]
[EventDate "2011.05.26"]

1. d4 d5 2. c4 c6 3. Nf3 Nf6 4. Nc3 e6 5. Bg5 dxc4 6. a4 Bb4 7. e4 Bxc3+ 8.
bxc3 Qa5 9. e5 Ne4 10. Bd2 c5 11. Bxc4 cxd4 12. cxd4 Nxd2 13. Nxd2 Nc6 14. O-O
Qc3 15. Ne4 Qxd4 16. Nd6+ Kf8 17. Qh5 Qf4 18. Rfe1 g6 19. Qh3 Kg7 20. Rad1 Rd8
21. Bb5 Qb4 22. Bxc6 bxc6 23. Qf3 Rd7 24. Re4 Qb2 25. Rf4 Qxe5 26. Rxf7+ Kh6
27. Rxd7 1-0

[Event "French League"]
[Site "Mulhouse FRA"]
[Date "2011.06.03"]
[Round "9"]
[White "Naiditsch, Arkadij"]
[Black "Vachier-Lagrave, Maxime"]
[Result "1-0"]
[WhiteElo "2716"]
[BlackElo "2731"]
[PlyCount "51"]
[EventDate "2011.05.26"]

1. e4 c5 2. Nf3 e6 3. d4 cxd4 4. Nxd4 Nc6 5. Nc3 Qc7 6. f4 a6 7. Nxc6 Qxc6 8.
Bd3 b5 9. Qe2 Bb7 10. Bd2 Bc5 11. O-O-O Ne7 12. a3 O-O-O 13. Kb1 d5 14. Rhe1
Rd7 15. exd5 Nxd5 16. f5 Re8 17. Nxd5 Qxd5 18. Ba5 Bd4 19. Qf1 Bc6 20. fxe6
fxe6 21. Be4 Qc5 22. Qf3 Bd5 23. Bxd5 Qxd5 24. Qxd5 Rxd5 25. Bb6 e5 26. Rxd4
1-0

[Event "French League"]
[Site "Mulhouse FRA"]
[Date "2011.06.03"]
[Round "9"]
[White "Navara, David"]
[Black "Nisipeanu, Liviu-Dieter"]
[Result "1/2-1/2"]
[WhiteElo "2702"]
[BlackElo "2659"]
[PlyCount "54"]
[EventDate "2011.05.26"]

1. d4 d5 2. c4 dxc4 3. e4 e5 4. Nf3 Bb4+ 5. Nc3 exd4 6. Nxd4 Ne7 7. Bxc4 Nbc6
8. Be3 O-O 9. a3 Bxc3+ 10. bxc3 Na5 11. Be2 b6 12. O-O c5 13. Nb5 Be6 14. Qxd8
Raxd8 15. Nxa7 Bc4 16. Rfe1 Bxe2 17. Rxe2 Nc8 18. Nxc8 Rxc8 19. Rd1 Nc4 20. Bc1
Rfd8 21. Ree1 Kf8 22. Kf1 Rxd1 23. Rxd1 Ke7 24. Ke2 Ra8 25. Kd3 Nxa3 26. Bxa3
Rxa3 27. Rb1 Ra2 1/2-1/2

[Event "French League"]
[Site "Mulhouse FRA"]
[Date "2011.06.04"]
[Round "10"]
[White "Bacrot, Etienne"]
[Black "Peralta, Fernando"]
[Result "1-0"]
[WhiteElo "2705"]
[BlackElo "2608"]
[PlyCount "61"]
[EventDate "2011.05.26"]

1. d4 d5 2. c4 e6 3. Nf3 Nf6 4. Nc3 Bb4 5. cxd5 exd5 6. Bg5 Nbd7 7. Qc2 c5 8.
g3 h6 9. Bxf6 Qxf6 10. Rd1 O-O 11. Bg2 Nb6 12. dxc5 Bf5 13. Qc1 Na4 14. Nd4
Rac8 15. Nxf5 Qxf5 16. Rxd5 Qf6 17. O-O Bxc3 18. bxc3 Nxc3 19. Rd2 Rxc5 20. Qa3
b6 21. Qxa7 Rd8 22. Rxd8+ Qxd8 23. Bf3 Ra5 24. Qb7 Rxa2 25. Rc1 Ra3 26. Qc6 Qf6
27. Qc8+ Kh7 28. Qc4 Na4 29. Qe4+ Qg6 30. Qb4 Ra2 31. Qb3 1-0

[Event "French League"]
[Site "Mulhouse FRA"]
[Date "2011.06.04"]
[Round "10"]
[White "Eljanov, Pavel"]
[Black "Wirig, Anthony"]
[Result "1/2-1/2"]
[WhiteElo "2712"]
[BlackElo "2514"]
[PlyCount "107"]
[EventDate "2011.05.26"]

1. c4 Nf6 2. Nf3 c6 3. Nc3 d5 4. e3 a6 5. h3 dxc4 6. Bxc4 b5 7. Bb3 c5 8. O-O
e6 9. d4 Bb7 10. Qe2 Nbd7 11. Rd1 Qc7 12. e4 cxd4 13. Nxd4 Bc5 14. Be3 O-O 15.
Rac1 Qb6 16. f3 Rfd8 17. Rd2 Ne5 18. Rcd1 Rd7 19. Nc2 Bxe3+ 20. Qxe3 Qxe3+ 21.
Nxe3 Rad8 22. Rxd7 Rxd7 23. h4 h6 24. Kf1 g5 25. hxg5 hxg5 26. Ke2 Rxd1 27.
Nexd1 Kf8 28. Ke3 Ke7 29. g3 Nfd7 30. a3 Nb6 31. f4 gxf4+ 32. gxf4 Nc6 33. e5
Na5 34. Ba2 f6 35. exf6+ Kxf6 36. Kd4 Nd7 37. Nf2 Nc6+ 38. Ke3 Ke7 39. b4 Ncb8
40. Nd3 Ba8 41. Bb3 Kd6 42. Bd1 Bb7 43. Be2 Ba8 44. Nf2 Nf6 45. Ng4 Nfd7 46.
Bd3 Bb7 47. Ne2 Nc6 48. Be4 Nd8 49. Bg6 Nb6 50. Ne5 Nd5+ 51. Kd4 Nc6+ 52. Nxc6
Bxc6 53. Bc2 Nxf4 54. Nxf4 1/2-1/2

[Event "French League"]
[Site "Mulhouse FRA"]
[Date "2011.06.04"]
[Round "10"]
[White "Magem Badals, Jordi"]
[Black "Moiseenko, Alexander"]
[Result "0-1"]
[WhiteElo "2569"]
[BlackElo "2679"]
[PlyCount "50"]
[EventDate "2011.05.26"]

1. e4 c5 2. Nf3 Nc6 3. Nc3 e5 4. Bc4 Be7 5. d3 Nf6 6. Ng5 O-O 7. f4 d6 8. O-O
Bg4 9. Qe1 exf4 10. Bxf4 Nd4 11. Qd2 Qd7 12. Be3 a6 13. Bxd4 cxd4 14. Ne2 Bxe2
15. Qxe2 h6 16. Nf3 d5 17. Bb3 Rae8 18. e5 Bc5 19. Kh1 Ng4 20. c3 dxc3 21. bxc3
d4 22. cxd4 Bxd4 23. Nxd4 Qxd4 24. e6 Kh8 25. e7 Rxe7 0-1

[Event "French League"]
[Site "Mulhouse FRA"]
[Date "2011.06.04"]
[Round "10"]
[White "Riazantsev, Alexander"]
[Black "Jakovenko, Dmitry"]
[Result "1/2-1/2"]
[WhiteElo "2679"]
[BlackElo "2732"]
[PlyCount "46"]
[EventDate "2011.05.26"]

1. d4 d5 2. c4 c6 3. Nc3 Nf6 4. e3 e6 5. Nf3 Nbd7 6. Bd3 dxc4 7. Bxc4 b5 8. Bd3
b4 9. Ne4 Nxe4 10. Bxe4 Bb7 11. O-O Bd6 12. a3 bxa3 13. Nd2 axb2 14. Bxb2 O-O
15. Qc2 Nf6 16. Ba3 a5 17. Rfb1 Bxa3 18. Rxa3 Qc7 19. Bf3 Rfb8 20. Rba1 c5 21.
Qxc5 Qxc5 22. dxc5 Bxf3 23. gxf3 Rb5 1/2-1/2

[Event "French League"]
[Site "Mulhouse FRA"]
[Date "2011.06.04"]
[Round "10"]
[White "Sokolov, Andrei"]
[Black "Caruana, Fabiano"]
[Result "1/2-1/2"]
[WhiteElo "2573"]
[BlackElo "2714"]
[PlyCount "144"]
[EventDate "2011.05.26"]

1. e4 e5 2. Nf3 Nc6 3. Bb5 a6 4. Ba4 Nf6 5. O-O Be7 6. Re1 b5 7. Bb3 d6 8. c3
O-O 9. h3 Nb8 10. d4 Nbd7 11. Nbd2 Bb7 12. a4 c5 13. Bc2 Qc7 14. Nf1 Rfc8 15.
dxe5 dxe5 16. Bg5 c4 17. axb5 axb5 18. Rxa8 Rxa8 19. Ne3 Bf8 20. Bh4 Ra6 21.
Qb1 h6 22. Bg3 Re6 23. b3 cxb3 24. Qxb3 Nxe4 25. Nd4 Rb6 26. Nxb5 Qc6 27. Bxe4
Qxe4 28. c4 Nc5 29. Qb1 f6 30. f3 Qxb1 31. Rxb1 Bc6 32. Nd5 Rb7 33. Nbc3 Rxb1+
34. Nxb1 Nd3 35. Kf1 Nb2 36. Ne3 Kf7 37. Nd2 Ke6 38. Ke2 f5 39. Nd1 Na4 40. Bf2
Bb4 41. Ba7 Bb7 42. Nb3 g5 43. Be3 f4 44. Bd2 Be7 45. Na5 Ba6 46. Nc3 Nb2 47.
Nb5 Kd7 48. Ke1 Bd8 49. Na3 Bb6 50. Bc3 Na4 51. Bb4 Nc5 52. Ke2 e4 53. fxe4
Nxe4 54. Nb5 Ke6 55. Nb3 Bb7 56. c5 Bd8 57. c6 Bxc6 58. N5d4+ Kd5 59. Nxc6 Kxc6
60. Bf8 h5 61. Nd4+ Kd5 62. Nf3 Ng3+ 63. Kd3 Nf5 64. Bb4 Ne3 65. g3 Ng2 66. Ne1
Nxe1+ 67. Bxe1 f3 68. g4 Bb6 69. Bd2 hxg4 70. hxg4 f2 71. Ke2 Ke4 72. Bxg5 Ke5
1/2-1/2

[Event "French League"]
[Site "Mulhouse FRA"]
[Date "2011.06.04"]
[Round "10"]
[White "Vachier-Lagrave, Maxime"]
[Black "Navara, David"]
[Result "1/2-1/2"]
[WhiteElo "2731"]
[BlackElo "2702"]
[PlyCount "67"]
[EventDate "2011.05.26"]

1. d4 Nf6 2. c4 e6 3. Nf3 b6 4. g3 Ba6 5. Qa4 Bb7 6. Bg2 c5 7. dxc5 bxc5 8. O-O
Be7 9. Nc3 O-O 10. Bf4 Qb6 11. Qb5 Bc6 12. Qxb6 axb6 13. Rfd1 Ne4 14. Nxe4 Bxe4
15. Bxb8 Rfxb8 16. Ne5 Bxg2 17. Kxg2 b5 18. cxb5 Rxb5 19. Rxd7 Bf6 20. Nc4 Rb4
21. Rc1 Rxa2 22. e4 Kf8 23. e5 Be7 24. Rc7 Ra8 25. Nd6 Rxb2 26. R1xc5 Rbb8 27.
h4 Rd8 28. R5c6 h5 29. Rc3 Bxd6 30. exd6 Ra5 31. Rd7 Ke8 32. Re7+ Kf8 33. Rb7
g6 34. Rc6 1/2-1/2

[Event "French League"]
[Site "Mulhouse FRA"]
[Date "2011.06.05"]
[Round "11"]
[White "Iordachescu, Viorel"]
[Black "Dreev, Aleksey"]
[Result "1/2-1/2"]
[WhiteElo "2640"]
[BlackElo "2703"]
[PlyCount "41"]
[EventDate "2011.05.26"]

1. e4 c6 2. d4 d5 3. e5 Bf5 4. Nd2 e6 5. Nb3 c5 6. dxc5 Bxc5 7. Nxc5 Qa5+ 8. c3
Qxc5 9. Be3 Qc7 10. f4 Nc6 11. Nf3 Nge7 12. Be2 O-O 13. O-O Be4 14. Nd2 Bg6 15.
g4 Rad8 16. Nb3 b6 17. Qe1 Ra8 18. Qd1 Na5 19. Nd2 Nac6 20. Nb3 Na5 21. Nd4
1/2-1/2

[Event "French League"]
[Site "Mulhouse FRA"]
[Date "2011.06.05"]
[Round "11"]
[White "Jakovenko, Dmitry"]
[Black "Delchev, Aleksander"]
[Result "1/2-1/2"]
[WhiteElo "2732"]
[BlackElo "2619"]
[PlyCount "174"]
[EventDate "2011.05.26"]

1. c4 e5 2. g3 Nc6 3. Bg2 f5 4. Nc3 Nf6 5. e3 g6 6. Nge2 Bg7 7. d3 O-O 8. Rb1
a5 9. a3 Kh8 10. O-O Ne7 11. f4 d6 12. b3 c6 13. Qd2 Rb8 14. b4 axb4 15. axb4
b5 16. cxb5 cxb5 17. Bb2 Qb6 18. Kh1 Bb7 19. e4 Rbd8 20. Rbe1 Bc6 21. Ng1 fxe4
22. Nxe4 Nxe4 23. dxe4 Ng8 24. Nf3 Qb7 25. fxe5 dxe5 26. Qc2 Rde8 27. Re2 Nh6
28. Rc1 Bd7 29. Qc7 Qxc7 30. Rxc7 Bg4 31. Rf2 Rf7 32. Rc3 Ref8 33. h3 Be6 34.
Rc5 Bc4 35. Bxe5 Bxe5 36. Rxe5 Ra7 37. Rc5 Ra3 38. Kg1 Ra1+ 39. Kh2 Ra3 40. Kg1
Ra1+ 41. Kh2 Ra3 42. Rc7 Kg8 43. Rd7 Rb3 44. e5 Re3 45. Rd6 Nf7 46. Rf6 Rd8 47.
Nd2 Nxe5 48. Nxc4 Nxc4 49. Rc6 Re5 50. Rc5 Rd7 51. Bc6 Rxc5 52. bxc5 Rc7 53.
Bd5+ Kg7 54. c6 Nb6 55. Bg2 Re7 56. Rb2 Re5 57. Ra2 Rc5 58. Ra7+ Kf6 59. Rxh7
Nc4 60. Rb7 Nd6 61. Rb6 Nc4 62. Rb8 g5 63. Kg1 Ne5 64. Be4 Ke7 65. c7 Rxc7 66.
Rxb5 Kf6 67. Kf2 Re7 68. Bb1 Re6 69. Ke3 Re7 70. Ba2 Nc6+ 71. Kd3 Ne5+ 72. Ke4
Ng6+ 73. Kd4 Rd7+ 74. Bd5 Ne7 75. Ke4 Nf5 76. Rb6+ Rd6 77. Rb3 Rd7 78. Rc3 Re7+
79. Kf3 Re5 80. Ba8 Ra5 81. Be4 Nd6 82. Rc6 Ke7 83. Bc2 Nf7 84. Rb6 Ne5+ 85.
Ke4 Nf7 86. Bb3 Nd6+ 87. Kf3 Rb5 1/2-1/2

[Event "French League"]
[Site "Mulhouse FRA"]
[Date "2011.06.05"]
[Round "11"]
[White "Le Quang Liem"]
[Black "Peralta, Fernando"]
[Result "1-0"]
[WhiteElo "2687"]
[BlackElo "2608"]
[PlyCount "81"]
[EventDate "2011.05.26"]

1. d4 d5 2. c4 e6 3. Nc3 Bb4 4. Nf3 Nf6 5. Bg5 Nbd7 6. cxd5 exd5 7. e3 c5 8.
dxc5 Qa5 9. Rc1 Bxc3+ 10. bxc3 O-O 11. Nd4 Ne4 12. Bf4 Ndxc5 13. f3 Nf6 14. Qd2
Bd7 15. c4 Qxd2+ 16. Kxd2 Rfc8 17. Be5 dxc4 18. Bxc4 a6 19. e4 b5 20. Be2 Na4
21. a3 Ne8 22. g4 f6 23. Bf4 Kf7 24. h4 Ke7 25. e5 Nb6 26. Bd3 fxe5 27. Bxe5
Kf7 28. g5 Rxc1 29. Rxc1 Rc8 30. Rxc8 Bxc8 31. h5 g6 32. h6 Bh3 33. Ke2 Nc4 34.
Bxc4+ bxc4 35. f4 Bg4+ 36. Kd2 Bh3 37. Kc3 Bf1 38. a4 Bd3 39. a5 Bf1 40. Nc6
Bg2 41. Nb4 1-0

[Event "French League"]
[Site "Mulhouse FRA"]
[Date "2011.06.05"]
[Round "11"]
[White "Naiditsch, Arkadij"]
[Black "Tregubov, Pavel V"]
[Result "1/2-1/2"]
[WhiteElo "2716"]
[BlackElo "2607"]
[PlyCount "105"]
[EventDate "2011.05.26"]

1. e4 c5 2. Nf3 e6 3. d4 cxd4 4. Nxd4 Nf6 5. Nc3 Nc6 6. Ndb5 Bb4 7. a3 Bxc3+ 8.
Nxc3 d5 9. exd5 exd5 10. Bd3 d4 11. Ne2 O-O 12. O-O Bg4 13. Bg5 Qd6 14. Qd2 h6
15. Bh4 Bxe2 16. Qxe2 Rfe8 17. Qd1 Ne5 18. Bb5 Re6 19. Re1 Qc5 20. Ba4 Rd8 21.
b4 Qc3 22. Bb3 Ree8 23. Bxf6 gxf6 24. Ba4 Re6 25. Bb3 Ree8 26. Ba4 Re6 27. Rb1
d3 28. Re3 Red6 29. Rg3+ Kf8 30. cxd3 Rxd3 31. Qh5 Rxg3 32. hxg3 Kg7 33. f4 Ng6
34. Kh2 Qxa3 35. Bc2 Qa2 36. Be4 b6 37. Rc1 Qd2 38. Rc2 Qd4 39. Bf5 Qd6 40. b5
Qe7 41. Qf3 Qd6 42. Rc6 Qd1 43. Rc7 Qxf3 44. gxf3 Nf8 45. Rxa7 Rd5 46. Bb1 Rxb5
47. Ba2 Nd7 48. Bc4 Rc5 49. Bb3 Rb5 50. Bc4 Rc5 51. Bb3 Rb5 52. Bc4 Rc5 53. Bb3
1/2-1/2